[Event "ch-RUS Rapid 2016"]
[Site "Sochi RUS"]
[Date "2016.10.02"]
[Round "1.1"]
[White "Andreikin, Dmitry"]
[Black "Tenikashvili, Georgij"]
[Result "1-0"]
[WhiteTitle "GM"]
[BlackTitle "FM"]
[WhiteElo "2736"]
[BlackElo "2305"]
[WhiteFideId "4158814"]
[BlackFideId "4134605"]
[EventDate "2016.10.02"]

1. e4 c6 2. Nf3 d5 3. Nc3 Bg4 4. h3 Bh5 5. d3 e6 6. g4 Bg6 7. Qe2 Bb4 8. Bd2 Ne7
9. a3 Ba5 10. h4 h5 11. g5 Nd7 12. Bh3 Qc7 13. O-O-O Bxc3 14. Bxc3 dxe4 15. dxe4
Qf4+ 16. Qd2 Qxd2+ 17. Nxd2 Rg8 18. Nc4 O-O-O 19. f3 Kc7 20. Rd2 c5 21. Ne5 Nxe5
22. Bxe5+ Kb6 23. Rxd8 Rxd8 24. Bxg7 Nc6 25. Bf6 Rd7 26. Rd1 Rxd1+ 27. Kxd1 Nd4
28. Bg2 Nb5 29. Kd2 Nd6 30. b3 Kc6 31. Ke3 b5 32. f4 Kd7 33. Be5 a5 34. Bf3 Ke7
35. c3 Kd7 36. Bxd6 Kxd6 37. b4 axb4 38. axb4 cxb4 39. cxb4 Kd7 40. Kd4 Kd6 41.
e5+ Kc7 1-0

[Event "ch-RUS Rapid 2016"]
[Site "Sochi RUS"]
[Date "2016.10.02"]
[Round "1.2"]
[White "Gorbatov, Alexej"]
[Black "Morozevich, Alexander"]
[Result "0-1"]
[WhiteTitle "IM"]
[BlackTitle "GM"]
[WhiteElo "2374"]
[BlackElo "2683"]
[WhiteFideId "4111834"]
[BlackFideId "4116992"]
[EventDate "2016.10.02"]

1. c4 b6 2. d4 e6 3. a3 Bb7 4. d5 Nf6 5. Nc3 Bd6 6. g3 Be5 7. Bg2 Bxc3+ 8. bxc3
Na6 9. Nh3 Nc5 10. O-O O-O 11. Bg5 h6 12. Bh4 Re8 13. f4 exd5 14. cxd5 Qe7 15.
Ra2 Nce4 16. Nf2 Qc5 17. c4 Ng4 18. Bxe4 Rxe4 19. h3 Nxf2 20. Rxf2 Rxc4 0-1

[Event "ch-RUS Rapid 2016"]
[Site "Sochi RUS"]
[Date "2016.10.02"]
[Round "1.3"]
[White "Artemiev, Vladislav"]
[Black "Rozhko, Dmitry"]
[Result "1-0"]
[WhiteTitle "GM"]
[BlackTitle "FM"]
[WhiteElo "2663"]
[BlackElo "2324"]
[WhiteFideId "24101605"]
[BlackFideId "4150430"]
[EventDate "2016.10.02"]

1. e4 e6 2. d4 d5 3. Nd2 dxe4 4. Nxe4 Bd7 5. Nf3 Bc6 6. Bd3 Nd7 7. O-O Ngf6 8.
Ned2 Be7 9. Nc4 O-O 10. Re1 Bxf3 11. Qxf3 c6 12. c3 Nb6 13. Ne5 Nbd7 14. Qh3 Re8
15. Bf4 Nf8 16. Rad1 Ng6 17. Bg5 Qd6 18. Bxf6 Bxf6 19. Bxg6 fxg6 20. Ng4 Re7 21.
Rd3 Rf8 22. Rde3 Qd5 23. a3 h5 24. Ne5 Bxe5 25. Rxe5 Qb3 26. R5e2 Rf6 27. Qg3
Kf7 28. h3 a6 29. Qd3 Qd5 30. Re5 Qd6 31. R1e3 Rf5 32. Qe2 Rf6 33. a4 Qd8 34. b4
Qxd4 35. cxd4 1-0

[Event "ch-RUS Rapid 2016"]
[Site "Sochi RUS"]
[Date "2016.10.02"]
[Round "1.4"]
[White "Babikov, Ivan"]
[Black "Popov, Ivan RUS"]
[Result "0-1"]
[WhiteTitle "FM"]
[BlackTitle "GM"]
[WhiteElo "2259"]
[BlackElo "2596"]
[WhiteFideId "4161106"]
[BlackFideId "4170350"]
[EventDate "2016.10.02"]

1. e4 c6 2. d4 d5 3. exd5 cxd5 4. c4 Nf6 5. Nc3 Nc6 6. Bg5 Be6 7. Nf3 g6 8. Be2
Bg7 9. cxd5 Nxd5 10. O-O O-O 11. h3 h6 12. Be3 Rc8 13. Qd2 Kh7 14. Rfd1 Na5 15.
Nxd5 Bxd5 16. b3 Nc6 17. Rac1 Qd6 18. Ne5 e6 19. Bf4 Qe7 20. Nxc6 Rxc6 21. Rxc6
Bxc6 22. Qe3 Qa3 23. Rd2 Rd8 24. Kh2 Qb4 25. Rd1 Rxd4 26. a3 Qb6 27. Rc1 Qa5 28.
b4 Qf5 29. Bg3 h5 30. Rc5 Bd5 31. Bb8 Re4 32. Bd3 Rxe3 33. Bxf5 Rxa3 34. Bc2 Bd4
35. Rc7 Be5+ 0-1

[Event "ch-RUS Rapid 2016"]
[Site "Sochi RUS"]
[Date "2016.10.02"]
[Round "1.6"]
[White "Taysayev, Timur"]
[Black "Dubov, Daniil"]
[Result "0-1"]
[BlackTitle "GM"]
[WhiteElo "2241"]
[BlackElo "2648"]
[WhiteFideId "4114221"]
[BlackFideId "24126055"]
[EventDate "2016.10.02"]

1. e4 g6 2. d4 Bg7 3. Nc3 d6 4. Be3 a6 5. Qd2 b5 6. a4 b4 7. Nce2 a5 8. Ng3 h5
9. h4 Nf6 10. f3 O-O 11. Nh3 Bxh3 12. Rxh3 e6 13. Bg5 Nbd7 14. O-O-O Qb8 15. Bb5
Rc8 16. d5 exd5 17. exd5 Ne5 18. Bxf6 Bxf6 19. Ne4 Bg7 20. f4 Ng4 21. Bd7 Re8
22. Nf2 Nxf2 23. Qxf2 Re4 24. Bc6 Ra6 25. Re1 Qb6 26. Qf1 Rxe1+ 27. Qxe1 Qd4 28.
Qe8+ Kh7 29. Qxf7 Qg1+ 0-1

[Event "ch-RUS Rapid 2016"]
[Site "Sochi RUS"]
[Date "2016.10.02"]
[Round "1.7"]
[White "Alekseev, Evgeny"]
[Black "Uzhva, Andrey"]
[Result "1-0"]
[WhiteTitle "GM"]
[BlackTitle "FM"]
[WhiteElo "2636"]
[BlackElo "2270"]
[WhiteFideId "4138147"]
[BlackFideId "4160797"]
[EventDate "2016.10.02"]

1. e4 c5 2. Nf3 d6 3. d4 cxd4 4. Qxd4 a6 5. h3 Nc6 6. Qe3 g6 7. Be2 Bg7 8. O-O
Nf6 9. c4 O-O 10. Nc3 Bd7 11. Rb1 Qc7 12. b3 Rac8 13. Bb2 h6 14. Rfe1 Nd8 15.
Bf1 Qb8 16. a4 Re8 17. Rbd1 Nc6 18. Ba1 Be6 19. Nd5 Bxd5 20. exd5 Na5 21. Bd4 b5
22. Bb6 Nxb3 23. cxb5 Nc5 24. a5 Qa8 25. bxa6 Nxd5 26. Qa3 Nc3 27. Rc1 Nxa6 28.
Nd2 d5 29. Nb3 d4 30. Bxd4 Nd5 31. Bxg7 Kxg7 32. Nd4 e6 33. Nb5 Rxc1 34. Rxc1
Rb8 35. Nd6 Qa7 36. Qf3 Nab4 37. a6 Nxa6 38. Bxa6 Qxa6 39. Qxf7+ Kh8 40. Ne8 Qb7
41. Rc7 Qb1+ 42. Kh2 Ra8 1-0

[Event "ch-RUS Rapid 2016"]
[Site "Sochi RUS"]
[Date "2016.10.02"]
[Round "1.8"]
[White "Shtyka, Sergey"]
[Black "Riazantsev, Alexander"]
[Result "0-1"]
[WhiteTitle "FM"]
[BlackTitle "GM"]
[WhiteElo "2248"]
[BlackElo "2651"]
[WhiteFideId "4138465"]
[BlackFideId "4125029"]
[EventDate "2016.10.02"]

1. Nf3 d5 2. c4 d4 3. e4 Nc6 4. d3 e5 5. Be2 h6 6. O-O Be6 7. Na3 Nf6 8. Nc2 a5
9. b3 Bd6 10. Bd2 O-O 11. a3 Nd7 12. b4 b6 13. Nfe1 Ne7 14. Bg4 Bxg4 15. Qxg4
Kh8 16. g3 c5 17. Ng2 Qc7 18. Nh4 b5 19. cxb5 cxb4 20. Rac1 Nc5 21. Nxb4 axb4
22. axb4 Qd7 23. Nf5 Ne6 24. Nxg7 Rg8 25. Bxh6 f5 26. Qh3 Rxg7 27. Bxg7+ Kxg7
28. exf5 Nf8 29. Qg4+ Kh8 30. Qe4 Rb8 31. f6 Ng8 32. Qh4+ Nh7 33. Rc6 Nxf6 34.
Rfc1 Rxb5 35. Qh6 Rb8 36. b5 Bf8 37. Qg6 Qg7 38. Qf5 Rxb5 39. Rc7 Qg5 40. Qe6
Rb2 41. R1c2 Rxc2 42. Rxc2 Qg4 43. Qc4 Ng5 44. Qc8 Qd1+ 45. Kg2 Qf3+ 46. Kf1
Qxd3+ 47. Kg2 Qf3+ 48. Kg1 Ng4 49. h4 Nh3+ 50. Kf1 Ne3+ 0-1

[Event "ch-RUS Rapid 2016"]
[Site "Sochi RUS"]
[Date "2016.10.02"]
[Round "1.9"]
[White "Khairullin, Ildar"]
[Black "Fomin, Taras"]
[Result "1-0"]
[WhiteTitle "GM"]
[WhiteElo "2630"]
[BlackElo "2312"]
[WhiteFideId "4151348"]
[BlackFideId "4120604"]
[EventDate "2016.10.02"]

1. e4 e5 2. Nf3 Qe7 3. Nc3 c6 4. d4 d6 5. Bc4 Bg4 6. Bg5 Nf6 7. dxe5 dxe5 8. h3
Bh5 9. Qd3 h6 10. Bxf6 Qxf6 11. g4 Bg6 12. O-O-O Be7 13. h4 O-O 14. Ne2 b5 15.
Bb3 c5 16. Bd5 Nc6 17. g5 Qd6 18. h5 Nb4 19. Qe3 Nxd5 20. Rxd5 Qa6 21. hxg6 Qxa2
22. Nc3 Qa1+ 23. Nb1 fxg6 24. Rg1 h5 25. Nxe5 Kh7 26. f4 Rad8 27. Rxd8 Bxd8 28.
f5 gxf5 29. g6+ Kg8 30. Qb3+ c4 31. Qxb5 Bb6 32. Qxc4+ Kh8 33. Nf7+ Rxf7 34.
Qc8+ 1-0

[Event "ch-RUS Rapid 2016"]
[Site "Sochi RUS"]
[Date "2016.10.02"]
[Round "1.10"]
[White "Barsamian, Eduard"]
[Black "Vitiugov, Nikita"]
[Result "0-1"]
[BlackTitle "GM"]
[WhiteElo "2226"]
[BlackElo "2721"]
[WhiteFideId "24102016"]
[BlackFideId "4152956"]
[EventDate "2016.10.02"]

1. d4 Nf6 2. c4 e6 3. g3 c5 4. d5 exd5 5. cxd5 d6 6. Nc3 g6 7. Bg2 Bg7 8. Nf3
O-O 9. O-O Nbd7 10. h3 Qe7 11. Nd2 b6 12. a4 Ba6 13. Nb5 Ne8 14. Re1 f5 15. e3
Ne5 16. Qc2 g5 17. f4 Nf7 18. Qxf5 gxf4 19. gxf4 Bc8 20. Qh5 Nf6 21. Qf3 Nh6 22.
Qf2 Bd7 23. Nc3 Rae8 24. Nf1 Qf7 25. Ng3 Nh5 26. Nxh5 Qxh5 27. Qf3 Qg6 28. Bd2
Nf5 29. Qg4 Qf7 30. Qf3 Nh4 31. Qg3 Qh5 32. Kh2 Rf6 33. Rh1 0-1

[Event "ch-RUS Rapid 2016"]
[Site "Sochi RUS"]
[Date "2016.10.02"]
[Round "1.11"]
[White "Savchenko, Boris"]
[Black "Salemgareev, Tagir"]
[Result "1-0"]
[WhiteTitle "GM"]
[WhiteElo "2613"]
[BlackElo "2305"]
[WhiteFideId "4147332"]
[BlackFideId "24199052"]
[EventDate "2016.10.02"]

1. e4 e5 2. f4 exf4 3. Bc4 Nc6 4. d4 Nf6 5. e5 d5 6. Bb5 Ne4 7. Bxf4 Be7 8. Nd2
Bf5 9. Ngf3 O-O 10. c3 f6 11. exf6 Bxf6 12. O-O Ne7 13. Nxe4 dxe4 14. Qb3+ Kh8
15. Ne5 Bxe5 16. Bxe5 Ng6 17. Bg3 Qe7 18. Rae1 c6 19. Bd3 Rae8 20. Rxf5 Rxf5 21.
Rxe4 Ne5 22. Rxe5 Rxe5 23. Bxe5 Rf8 24. h3 b6 25. Qc2 Qh4 26. Qe2 c5 27. dxc5
bxc5 28. Bd6 Rc8 29. Bxc5 Qg5 30. Bxa7 Qc1+ 31. Kh2 Qf4+ 32. g3 Qh6 33. a4 Qc6
34. Qh5 h6 35. Qf5 Kg8 36. Bd4 Rc7 37. Qh7+ 1-0

[Event "ch-RUS Rapid 2016"]
[Site "Sochi RUS"]
[Date "2016.10.02"]
[Round "1.12"]
[White "Ivlev, Aleksey"]
[Black "Motylev, Alexander"]
[Result "0-1"]
[WhiteTitle "FM"]
[BlackTitle "GM"]
[WhiteElo "2259"]
[BlackElo "2663"]
[WhiteFideId "24185949"]
[BlackFideId "4121830"]
[EventDate "2016.10.02"]

1. d4 g6 2. e4 Bg7 3. Nc3 c6 4. Nf3 d5 5. h3 Nh6 6. Bd3 O-O 7. O-O f6 8. Re1 Nf7
9. b3 e6 10. a4 a5 11. Ba3 Re8 12. Bf1 Na6 13. g3 Nb4 14. Bg2 b6 15. exd5 exd5
16. Rxe8+ Qxe8 17. Na2 Nxa2 18. Rxa2 Bf5 19. c3 Qd7 20. Kh2 Re8 21. Re2 Bf8 22.
Bxf8 Kxf8 23. Rxe8+ Qxe8 24. Qd2 Kg7 25. Nh4 Bc8 26. Bf3 Ng5 27. Bg2 Qd7 28. f4
Ne4 29. Qe3 Kf8 30. Nf3 Qe7 31. Nd2 Nd6 32. Qf2 Nf5 33. Kg1 Ne3 34. Qe2 Nxg2 35.
Qxe7+ Kxe7 36. Kxg2 Bf5 37. g4 Bc2 38. Kf2 b5 39. Ke1 Kd6 40. h4 bxa4 41. bxa4
c5 42. Nf3 Bxa4 43. g5 cxd4 44. cxd4 Ke6 45. Kd2 Kf5 46. gxf6 Kxf6 47. Ne5 Bb5
48. Nf3 Kf5 49. Ke3 a4 50. Nd2 a3 51. Nb1 0-1

[Event "ch-RUS Rapid 2016"]
[Site "Sochi RUS"]
[Date "2016.10.02"]
[Round "1.13"]
[White "Khismatullin, Denis"]
[Black "Gutkis, Vladimir"]
[Result "1-0"]
[WhiteTitle "GM"]
[BlackTitle "FM"]
[WhiteElo "2617"]
[BlackElo "2194"]
[WhiteFideId "4142578"]
[BlackFideId "4173325"]
[EventDate "2016.10.02"]

1. Nf3 d5 2. g3 Nd7 3. c4 e6 4. Bg2 c6 5. O-O Ngf6 6. b3 Be7 7. Bb2 O-O 8. d3
Re8 9. Qc2 Bf8 10. d4 dxc4 11. Qxc4 Bd6 12. Rd1 Qc7 13. Qd3 e5 14. dxe5 Bxe5 15.
Nxe5 Nxe5 16. Qc2 Bg4 17. Nc3 Rad8 18. Nb5 Qb8 19. Nd4 Nd5 20. a3 Qd6 21. h3 Bc8
22. b4 Qh6 23. Nf5 Bxf5 24. Qxf5 Nc4 25. Bd4 Rxe2 26. Qd3 Rd2 27. Rxd2 Qxd2 28.
Qxc4 Nf4 29. Bxa7 Ne2+ 30. Kh2 h6 31. Ra2 1-0

[Event "ch-RUS Rapid 2016"]
[Site "Sochi RUS"]
[Date "2016.10.02"]
[Round "1.14"]
[White "Oganyan, Arsen"]
[Black "Matlakov, Maxim"]
[Result "0-1"]
[BlackTitle "GM"]
[WhiteElo "2282"]
[BlackElo "2691"]
[WhiteFideId "4175492"]
[BlackFideId "4168003"]
[EventDate "2016.10.02"]

1. d4 Nf6 2. Nf3 g6 3. Bg5 Bg7 4. Nbd2 O-O 5. c3 d6 6. e4 c5 7. dxc5 dxc5 8. Be2
Nc6 9. Qc2 Qc7 10. O-O b6 11. Rfe1 h6 12. Bh4 Nh5 13. Nc4 Bb7 14. Ne3 e6 15. Nd2
Nf4 16. Bf1 g5 17. Bg3 Ne5 18. Ndc4 Neg6 19. a4 Bc6 20. f3 a6 21. a5 b5 22. Nb6
Rad8 23. Rad1 Ne5 24. b3 Qe7 25. h3 Qf6 26. c4 b4 27. Ng4 Qg6 28. Nxe5 Bxe5 29.
Bf2 Bd4 30. g3 Nh5 31. Bxd4 cxd4 32. Qf2 Qf6 33. Rd3 Qe5 34. Kg2 Qxa5 35. c5
Qxc5 36. Nc4 Rd7 37. Ra1 Bb5 38. Rd2 Rc8 39. Rad1 Rcd8 40. Kh2 Qc7 41. Kg2 a5
42. Rc2 d3 43. Rcd2 Bxc4 44. bxc4 Qxc4 45. Qe3 Qd4 46. Qxd4 Rxd4 47. Rxd3 Rxd3
48. Rxd3 Rxd3 49. Bxd3 Kg7 50. Kf2 Kf6 0-1

[Event "ch-RUS Rapid 2016"]
[Site "Sochi RUS"]
[Date "2016.10.02"]
[Round "1.15"]
[White "Ponkratov, Pavel"]
[Black "Potapenko, D."]
[Result "1-0"]
[WhiteTitle "GM"]
[WhiteElo "2589"]
[BlackElo "2189"]
[WhiteFideId "4157800"]
[BlackFideId "4132769"]
[EventDate "2016.10.02"]

1. e4 d5 2. exd5 Qxd5 3. Nc3 Qa5 4. d4 Nf6 5. Bf4 Nc6 6. d5 Nb4 7. Bb5+ c6 8.
dxc6 Nxc6 9. Qf3 Bd7 10. O-O-O Rc8 11. Nge2 e6 12. g4 a6 13. Ba4 b5 14. Bb3 Ne7
15. g5 Bc6 16. Qh3 Nfd5 17. Nxd5 Nxd5 18. Rxd5 Bb7 19. Rdd1 Bxh1 20. Bxe6 Rxc2+
21. Kxc2 Be4+ 22. Kc1 Be7 23. Bd7+ Kf8 24. Nc3 Bg6 25. Bxb5 f5 26. gxf6 gxf6 27.
Bh6+ 1-0

[Event "ch-RUS Rapid 2016"]
[Site "Sochi RUS"]
[Date "2016.10.02"]
[Round "1.16"]
[White "Mikhailovsky, Vladimir"]
[Black "Grachev, Boris"]
[Result "0-1"]
[BlackTitle "GM"]
[WhiteElo "2202"]
[BlackElo "2628"]
[WhiteFideId "34105414"]
[BlackFideId "4129199"]
[EventDate "2016.10.02"]

1. c4 e6 2. Qa4 g6 3. Nf3 Bg7 4. e4 c5 5. Nc3 Ne7 6. d3 Nbc6 7. Bf4 d6 8. h4 h6
9. Be2 O-O 10. Qc2 e5 11. Bd2 f5 12. Qc1 f4 13. g3 Bg4 14. gxf4 exf4 15. Bxf4
Qd7 16. Rg1 Bxf3 17. Bxf3 Qh3 18. Rg3 Qxh4 19. Be3 Be5 20. Rg4 Qh3 21. Be2 Nd4
22. Qd1 Nf3+ 23. Bxf3 Rxf3 24. Rg1 Bxc3+ 25. bxc3 Rxe3+ 0-1

[Event "ch-RUS Rapid 2016"]
[Site "Sochi RUS"]
[Date "2016.10.02"]
[Round "1.17"]
[White "Pridorozhni, Aleksei"]
[Black "Murzin, Volodar"]
[Result "1-0"]
[WhiteTitle "GM"]
[WhiteElo "2579"]
[BlackElo "2083"]
[WhiteFideId "4127870"]
[BlackFideId "44155573"]
[EventDate "2016.10.02"]

1. e4 c5 2. Nc3 d6 3. Nf3 Nf6 4. d4 cxd4 5. Nxd4 a6 6. Rg1 e5 7. Nb3 Be6 8. g4
d5 9. g5 Nxe4 10. Nxe4 dxe4 11. Qxd8+ Kxd8 12. Bg2 Bf5 13. Be3 Nc6 14. O-O-O+
Ke8 15. Nd2 Rc8 16. Nxe4 Be7 17. c3 Rd8 18. h4 Bg4 19. f3 Be6 20. b3 f5 21. gxf6
gxf6 22. f4 Kf7 23. Bf3 h5 24. Rxd8 Nxd8 25. fxe5 fxe5 26. Ng5+ Bxg5 27. Rxg5
Nc6 28. Rxh5 Rg8 29. Rh7+ Rg7 30. Rxg7+ Kxg7 31. Be4 Bf7 32. Kd2 Bg6 33. Kd3 Be8
34. Kc4 Bg6 35. Bxg6 Kxg6 36. Kc5 Ne7 37. c4 Nc8 38. Kd5 Kf5 39. h5 Ne7+ 40. Kd6
Ng8 41. h6 Nf6 42. Kc7 Ke4 43. Bb6 Kd3 44. Kxb7 e4 45. Kxa6 e3 46. Bxe3 1-0

[Event "ch-RUS Rapid 2016"]
[Site "Sochi RUS"]
[Date "2016.10.02"]
[Round "1.18"]
[White "Tsoi, Dmitry"]
[Black "Chigaev, Maksim"]
[Result "0-1"]
[BlackTitle "IM"]
[WhiteElo "2160"]
[BlackElo "2551"]
[WhiteFideId "24194697"]
[BlackFideId "4108116"]
[EventDate "2016.10.02"]

1. e4 c6 2. d4 d5 3. Nc3 dxe4 4. Nxe4 Bf5 5. Ng3 Bg6 6. h4 h6 7. Nf3 e6 8. h5
Bh7 9. Bd3 Bxd3 10. Qxd3 Nf6 11. Bd2 c5 12. O-O-O Nc6 13. Be3 Qd5 14. c4 Qd8 15.
d5 exd5 16. Rhe1 Bd6 17. Bxh6+ Kf8 18. Bg5 Qc7 19. h6 Bf4+ 20. Kb1 Bxg5 21.
hxg7+ Kxg7 22. Nxg5 Qf4 23. Nh3 dxc4 24. Qc3 Qg4 25. Rd5 Rxh3 26. gxh3 Qg6+ 27.
Kc1 Nb4 28. Nh5+ Kf8 29. Qxc4 Nfxd5 30. Ng3 Nd3+ 31. Kd2 Nxe1 32. Qxd5 Re8 33.
Qxc5+ Kg8 34. Nf5 Nf3+ 35. Kc3 Qc6 0-1

[Event "ch-RUS Rapid 2016"]
[Site "Sochi RUS"]
[Date "2016.10.02"]
[Round "1.19"]
[White "Romanov, Evgeny"]
[Black "Muhtarov, Leonid"]
[Result "1-0"]
[WhiteTitle "GM"]
[WhiteElo "2619"]
[BlackElo "2044"]
[WhiteFideId "4148843"]
[BlackFideId "14101017"]
[EventDate "2016.10.02"]

1. d4 Nf6 2. Nf3 e6 3. c4 Bb4+ 4. Bd2 c5 5. Bxb4 cxb4 6. e3 d6 7. Bd3 Nc6 8. O-O
O-O 9. Nbd2 b6 10. Qc2 Bb7 11. Ne4 Nxe4 12. Bxe4 f5 13. Bxc6 Bxc6 14. d5 exd5
15. Nd4 Qd7 16. Qb3 f4 17. cxd5 Bb7 18. e4 Rac8 19. f3 a5 20. Ne6 Rfe8 21. Nxf4
Ba6 22. Rfc1 Qf7 23. Ne6 Qf6 24. Nc7 Qd4+ 25. Kh1 Be2 26. Nxe8 Rxe8 27. Qc2 Ba6
28. Rd1 Qe5 29. Rac1 g5 30. Qd2 Rf8 31. Qd4 Qf4 32. Rc7 Rf7 33. Rxf7 Kxf7 34.
Qxb6 Be2 35. Re1 Bxf3 36. Rf1 g4 37. gxf3 g3 38. Qg1 gxh2 1-0

[Event "ch-RUS Rapid 2016"]
[Site "Sochi RUS"]
[Date "2016.10.02"]
[Round "1.20"]
[White "Nesterov, Arseniy"]
[Black "Predke, Alexandr"]
[Result "0-1"]
[BlackTitle "GM"]
[WhiteElo "2214"]
[BlackElo "2587"]
[WhiteFideId "24198455"]
[BlackFideId "24107581"]
[EventDate "2016.10.02"]

1. d4 Nf6 2. c4 e6 3. Nc3 Bb4 4. e3 d5 5. a3 Bxc3+ 6. bxc3 O-O 7. cxd5 exd5 8.
Bd3 c5 9. Ne2 b6 10. O-O Ba6 11. Bxa6 Nxa6 12. Qd3 Nc7 13. dxc5 bxc5 14. c4 Rb8
15. cxd5 Qxd5 16. Qxd5 Ncxd5 17. f3 Rb3 18. e4 Nb6 19. Bg5 Nfd7 20. Rfc1 Na4 21.
Rc2 Rfb8 22. Kf2 Ne5 23. Bf4 Nd3+ 24. Kg3 R8b6 25. Rd2 Rg6+ 26. Kh3 c4 27. Bg3
Rb5 28. e5 Rd5 29. Rad1 Nac5 30. Nf4 Rh6+ 31. Kg4 Nxe5+ 32. Kf5 Rf6+ 0-1

[Event "ch-RUS Rapid 2016"]
[Site "Sochi RUS"]
[Date "2016.10.02"]
[Round "2.1"]
[White "Lugovskoy, Maxim"]
[Black "Andreikin, Dmitry"]
[Result "1/2-1/2"]
[WhiteTitle "IM"]
[BlackTitle "GM"]
[WhiteElo "2436"]
[BlackElo "2736"]
[WhiteFideId "24126454"]
[BlackFideId "4158814"]
[EventDate "2016.10.02"]

1. e4 c5 2. Nf3 Nc6 3. c3 Nf6 4. e5 Nd5 5. d4 cxd4 6. cxd4 d6 7. Bc4 dxe5 8.
Bxd5 Qxd5 9. Nc3 Qc4 10. d5 Nb4 11. Nxe5 Qa6 12. a3 Bf5 13. axb4 Qxa1 14. O-O
Qa6 15. Re1 f6 16. b5 Qd6 17. Nc4 Qd7 18. d6 Rc8 19. Qd5 Bg6 20. dxe7 Qxd5 21.
Nxd5 Rxc4 22. exf8=Q+ Kxf8 23. b3 Re4 24. Ba3+ Kf7 25. Rc1 Rc8 1/2-1/2

[Event "ch-RUS Rapid 2016"]
[Site "Sochi RUS"]
[Date "2016.10.02"]
[Round "2.2"]
[White "Morozevich, Alexander"]
[Black "Smagin, Sergey"]
[Result "1/2-1/2"]
[WhiteTitle "GM"]
[BlackTitle "GM"]
[WhiteElo "2683"]
[BlackElo "2551"]
[WhiteFideId "4116992"]
[BlackFideId "4100425"]
[EventDate "2016.10.02"]

1. e4 e5 2. Nf3 Nc6 3. d4 exd4 4. Nxd4 Nf6 5. Nxc6 bxc6 6. e5 Qe7 7. Qe2 Nd5 8.
h4 Nb6 9. b3 a5 10. Ba3 Qe6 11. Bxf8 Kxf8 12. Nc3 a4 13. O-O-O axb3 14. cxb3 Nd5
15. Nxd5 cxd5 16. Kb1 c6 17. Qe3 d6 18. exd6 Qxd6 19. Bd3 Be6 20. Rc1 d4 21. Qd2
Bd5 22. f3 h5 23. Qc2 Rh6 24. Qc5 Qxc5 25. Rxc5 Ke7 26. Rhc1 Kd6 27. Be4 Ra6 28.
Bxd5 cxd5 29. R5c2 Rf6 30. Kb2 Rf4 31. Rh1 Rc6 32. Rd2 Rc3 33. a4 Kc5 34. Ra1
Kb4 35. Ra3 Ka5 36. g3 Rfxf3 37. Rxd4 Ka6 38. Rxd5 Rce3 39. Rd6+ Kb7 40. Rd2
Rxg3 41. a5 Ka6 42. Rd6+ Ka7 43. Rd7+ Ka6 44. Rd6+ Ka7 45. Rd7+ Ka6 1/2-1/2

[Event "ch-RUS Rapid 2016"]
[Site "Sochi RUS"]
[Date "2016.10.02"]
[Round "2.3"]
[White "Glek, Igor"]
[Black "Artemiev, Vladislav"]
[Result "0-1"]
[WhiteTitle "GM"]
[BlackTitle "GM"]
[WhiteElo "2377"]
[BlackElo "2663"]
[WhiteFideId "4100484"]
[BlackFideId "24101605"]
[EventDate "2016.10.02"]

1. e4 c5 2. Nf3 d6 3. Bb5+ Nd7 4. d4 cxd4 5. Qxd4 a6 6. Bxd7+ Bxd7 7. c4 Nf6 8.
Nc3 g6 9. O-O Bg7 10. a4 O-O 11. Qd3 Bg4 12. Nd5 Nd7 13. Bg5 Re8 14. Nd2 Bxb2
15. Rab1 Bg7 16. Qg3 Be6 17. Rxb7 Bxd5 18. cxd5 Nc5 19. Rb4 Rb8 20. Rxb8 Qxb8
21. Rb1 Qc7 22. Qa3 Rb8 23. Rxb8+ Qxb8 24. h3 Be5 25. g3 Bb2 26. Qa2 Qb4 27. Qc4
Bc3 28. Qxb4 Bxb4 29. Nc4 f6 30. Be3 Nxe4 31. Bb6 Nc3 32. a5 Nxd5 33. Kf1 Kf7
34. Ke2 e5 35. Kd3 Ke6 36. Kc2 Kd7 37. Kb3 Kc6 38. Bd8 Be1 0-1

[Event "ch-RUS Rapid 2016"]
[Site "Sochi RUS"]
[Date "2016.10.02"]
[Round "2.4"]
[White "Popov, Ivan RUS"]
[Black "Evdokimov, Alexander A."]
[Result "1/2-1/2"]
[WhiteTitle "GM"]
[BlackTitle "GM"]
[WhiteElo "2596"]
[BlackElo "2495"]
[WhiteFideId "4170350"]
[BlackFideId "4139275"]
[EventDate "2016.10.02"]

1. e4 c6 2. Nc3 d5 3. Nf3 Bg4 4. h3 Bxf3 5. Qxf3 e6 6. d4 dxe4 7. Qxe4 Nf6 8.
Qd3 Nbd7 9. g3 Be7 10. Bg2 O-O 11. O-O Qc7 12. b3 Rfd8 13. Bb2 Nf8 14. Rad1 Ng6
15. Rfe1 Rd7 16. Ne2 Rad8 17. c4 h5 18. h4 Ng4 19. Qf3 Bf6 20. Bh3 c5 21. Bxg4
hxg4 22. Qxg4 cxd4 23. Nc1 Qa5 24. Nd3 Qxa2 25. h5 Ne7 26. Qe2 Qa5 27. Bc1 Nc6
28. g4 Re8 29. f4 Be7 30. Bd2 Qb6 31. Rb1 Bb4 32. Kg2 Bc3 33. g5 e5 34. fxe5
Rde7 35. Bxc3 dxc3 36. Rbc1 Qxb3 37. g6 Qxc4 38. gxf7+ Rxf7 39. Qe4 b5 40. Qxc4
bxc4 41. Nc5 Rxe5 42. Rxe5 Nxe5 43. Rxc3 Rf5 44. Ra3 Rg5+ 45. Kf1 Nc6 46. Ne4
Rxh5 47. Ra4 Rd5 48. Ra6 Rd4 49. Nc3 Rd6 50. Ra4 Rd4 51. Ra6 Rd3 52. Ne4 Re3 53.
Nd6 Ne5 54. Rxa7 Rd3 55. Ne4 Kh7 56. Ra5 Nf3 57. Rc5 Rd4 58. Nc3 Kh6 59. Ke2
Rd2+ 60. Kf1 Nh2+ 61. Ke1 Nf3+ 62. Kf1 Rc2 63. Ne4 g5 64. Nd6 Kh5 65. Nf5 Ra2
66. Ne3 Ra3 67. Nxc4 Rc3 68. Ke2 Ne5 69. Rxe5 Rxc4 70. Kf2 Kh4 71. Re3 Rc2+ 72.
Kg1 Ra2 73. Rb3 Rc2 74. Ra3 Rd2 75. Rb3 Kg4 76. Ra3 Kh4 77. Rb3 g4 78. Ra3 Rc2
79. Rb3 Ra2 80. Rc3 g3 81. Rc8 Ra1+ 82. Kg2 Ra2+ 83. Kg1 Ra1+ 84. Kg2 Ra2+ 1/2-1/2

[Event "ch-RUS Rapid 2016"]
[Site "Sochi RUS"]
[Date "2016.10.02"]
[Round "2.5"]
[White "Hasangatin, Ramil"]
[Black "Dreev, Aleksey"]
[Result "1/2-1/2"]
[WhiteTitle "GM"]
[BlackTitle "GM"]
[WhiteElo "2505"]
[BlackElo "2660"]
[WhiteFideId "4122160"]
[BlackFideId "4100107"]
[EventDate "2016.10.02"]

1. e4 c6 2. d4 d5 3. Nd2 dxe4 4. Nxe4 Bf5 5. Ng3 Bg6 6. Bc4 e6 7. N1e2 Nf6 8.
Nf4 Bd6 9. c3 Qc7 10. Qf3 Nbd7 11. Bb3 e5 12. Nxg6 hxg6 13. O-O exd4 14. Re1+
Kf8 15. cxd4 Nb6 16. Bg5 Nbd5 17. h3 Bxg3 18. fxg3 1/2-1/2